|
|
|
|
| LEADER |
00000cam a2200000 4500 |
| 001 |
vtls012078518 |
| 003 |
SK-MaSNL |
| 005 |
20260301104403.0 |
| 008 |
211124s2021 xo g f 000 1 slo |
| 015 |
|
|
|a SNBA2023/03
|
| 020 |
|
|
|a 9788082360045
|q (viazané)
|
| 040 |
|
|
|a SNK
|b slo
|c SNK
|e rda
|
| 041 |
0 |
|
|a slo
|
| 044 |
|
|
|a xo
|c SK
|
| 072 |
|
7 |
|a 159.96
|x Zvláštne duševné stavy a procesy
|2 konspekt
|
| 080 |
|
|
|a 159.961
|2 2011
|
| 080 |
|
|
|a 577.337
|2 2011
|
| 080 |
|
|
|a 615.8
|2 2011
|
| 080 |
|
|
|a (035)
|2 2011
|
| 100 |
1 |
|
|a Rosinský, Teodor,
|d 1937-
|4 aut
|9 110842
|
| 245 |
1 |
|
|a Choroby vyvolané slovami a myšlienkami & Malé eseje o veľkých slovách
|c Teodor Rosinský
|
| 250 |
|
|
|a Vydanie prvé
|
| 264 |
|
1 |
|a Bratislava
|b CAD Press
|c 2021
|
| 300 |
|
|
|a 233 strán
|c 20 cm
|
| 336 |
|
|
|a text
|b txt
|2 rdacontent
|
| 337 |
|
|
|a bez média
|b n
|2 rdamedia
|
| 338 |
|
|
|a zväzok
|b nc
|2 rdacarrier
|
| 500 |
|
|
|a Obsahuje 2 diela
|
| 650 |
0 |
7 |
|a psychotronika
|2 SNKPH
|9 4392
|
| 650 |
0 |
7 |
|a alternatívna medicína
|2 SNKPH
|9 901
|
| 650 |
0 |
7 |
|a energetický systém človeka
|2 SNKPH
|9 67686
|
| 650 |
0 |
7 |
|a Psychotronics
|2 SNKPHeng
|9 306567
|
| 650 |
0 |
7 |
|a Human bioenergetics
|2 SNKPHeng
|9 313146
|
| 650 |
0 |
7 |
|a Alternative medicine
|2 SNKPHeng
|9 313599
|
| 655 |
|
7 |
|a príručky
|2 SNKPH
|9 74364
|
| 655 |
|
7 |
|a Handbooks, manuals, etc.
|2 SNKPHeng
|9 90964
|
| 740 |
0 |
2 |
|a Malé eseje o veľkých slovách
|
| 919 |
|
|
|a 978-80-8236-004-5
|
| 954 |
|
|
|a odborná, vedecká literatúra pôvodná (slovenská)
|2 lita
|
| 999 |
|
|
|c 697994
|d 699924
|
| 952 |
|
|
|a SNK
|b SNK
|y PREZ
|7 0
|p 17A1516394
|o snkSC 200154
|i snk2022/18622
|8 0
|0 0
|1 0
|4 0
|d 2022-12-09
|l 0
|r 2025-10-22 00:00:00
|w 2026-02-23
|
| 952 |
|
|
|a SNK
|b SNKPULT
|y VYP
|7 0
|p 17A1516395
|o snkSC 200154 D1
|i snk2022/18623
|8 0
|0 0
|1 0
|4 0
|d 2022-12-09
|l 1
|m 1
|q 2026-06-11
|r 2026-04-16 11:55:42
|s 2026-04-16
|w 2026-02-23
|